000 00298nam a22001337a 4500
008 181219b xxu||||| |||| 00| 0 eng d
020 _a9780130338228
041 _aeng
080 _22nd
_a910
100 _a42
101 _aGJEO
245 _aEnvironmental Geology
_cKeller,E.A
942 _2udc
_cBK
999 _c53520
_d53520